ბათუმის შოთა რუსთაველის სახელმწიფო უნივერსიტეტის ბიბლიოთეკა

ბიოტექნოლოგია მცენარეთა დაცვაში. (ბიბ.ჩანაწერი № 35289)

000 -LEADER
fixed length control field 00909nam a2200217Ia 4500
001 - CONTROL NUMBER
control field 1139
003 - CONTROL NUMBER IDENTIFIER
control field GE_BSU
008 - FIXED-LENGTH DATA ELEMENTS--GENERAL INFORMATION
fixed length control field 181216s||||||||xx |||||||||||||| ||und||
040 ## - CATALOGING SOURCE
Transcribing agency GE_BSU
080 ## - UNIVERSAL DECIMAL CLASSIFICATION NUMBER
Universal Decimal Classification number 632.934(075.8)
100 ## - MAIN ENTRY--PERSONAL NAME
Personal name გეგენავა, გ.
245 ## - TITLE STATEMENT
Title ბიოტექნოლოგია მცენარეთა დაცვაში.
245 ## - TITLE STATEMENT
Remainder of title მავნე ორგანიზმებთან ბრძოლის ალტერნატიული საშვალებები.დსამხმარე სახელმძრვანელო.
260 ## - PUBLICATION, DISTRIBUTION, ETC.
Place of publication, distribution, etc. თბილისი
260 ## - PUBLICATION, DISTRIBUTION, ETC.
Name of publisher, distributor, etc. საქ.–ს აგრარული უნ–ტი
260 ## - PUBLICATION, DISTRIBUTION, ETC.
Date of publication, distribution, etc. 1991
300 ## - PHYSICAL DESCRIPTION
Extent 76 გვ. 19 სმ.
653 ## - INDEX TERM--UNCONTROLLED
Uncontrolled term ბიოტექნოლოგია მცენარეთა დაცვაში.
942 ## - ADDED ENTRY ELEMENTS (KOHA)
Koha item type წიგნი
ეგზემპლარები
Withdrawn status Lost status Damaged status Not for loan Date acquired Barcode Date last seen Price effective from Koha item type
        2018-12-17 2784 2018-12-17 2018-12-17 წიგნი